[Event "EU-Cup 34th"]
[Site "Porto Carras"]
[Date "2018.10.17"]
[Round "6.4"]
[White "Ledger, Dave J"]
[Black "Nordenbaek, Jan"]
[Result "1/2-1/2"]
[WhiteElo "2168"]
[BlackElo "2173"]
[PlyCount "68"]
[EventDate "2018.10.12"]
[EventType "team-swiss"]
[EventRounds "7"]
[EventCountry "GRE"]
[SourceTitle "CBM 187"]
[Source "ChessBase"]
[SourceDate "2018.12.11"]
[SourceVersion "1"]
[SourceVersionDate "2018.12.11"]
[SourceQuality "1"]
[WhiteTeam "Blackthorne Russia"]
[BlackTeam "Hillerod"]
[WhiteTeamCountry "ENG"]
[BlackTeamCountry "DEN"]

1. e4 c5 2. Nf3 e6 3. d4 cxd4 4. Nxd4 Nc6 5. Nc3 Nf6 6. Ndb5 d6 7. Bf4 e5 8. Bg5 a6 9. Na3 b5 10. Bxf6 gxf6 11. Nd5 f5 12. g3 fxe4 13. Bg2 Be6 14. Bxe4 Rc8 15. 0-0 Bg7 16. Qh5 Ne7 17. Nxe7 Qxe7 18. Rad1 b4 19. Nb1 Rc5 20. c3 d5 21. cxb4 Rb5 22. Bf5 Rxb4 23. b3 Bxf5 24. Qxf5 Qe6 25. Qg5 0-0 26. Nc3 Rg4 27. Qh5 d4 28. Na4 Rg6 29. Rfe1 Rh6 30. Qf3 Qh3 31. Qh1 Rd8 32. Nc5 Rc8 33. Nd3 Qf5 34. Re2 Rhc6 1/2-1/2

[Event "Torquay Paignton op"]
[Site "Torquay"]
[Date "2018.09.03"]
[Round "2"]
[White "Ledger, Dave J"]
[Black "Brown, Alan M"]
[Result "1/2-1/2"]
[WhiteElo "2177"]
[BlackElo "2003"]
[PlyCount "144"]
[EventDate "2018.09.02"]
[EventType "swiss"]
[EventRounds "7"]
[EventCountry "ENG"]
[SourceTitle "CBM 186 Extra"]
[Source "ChessBase"]
[SourceDate "2018.08.24"]
[SourceVersion "1"]
[SourceVersionDate "2018.08.24"]
[SourceQuality "1"]

1. e4 e5 2. Nf3 Nc6 3. Bc4 Bc5 4. c3 Qe7 5. 0-0 d6 6. d3 Nf6 7. a4 a6 8. Na3 0-0 9. Re1 Be6 10. Bxe6 fxe6 11. Be3 Ba7 12. Nc4 Ng4 13. Bxa7 Nxa7 14. h3 Nf6 15. d4 exd4 16. cxd4 Nd7 17. d5 e5 18. Ra3 Nc8 19. b4 Ncb6 20. Na5 Rab8 21. Qc1 h6 22. Qc2 Na8 23. Nh2 Nf6 24. Qe2 Qe8 25. Rc1 Nh5 26. g3 Qg6 27. Qg4 Qe8 28. Nc4 Nf6 29. Qe2 Qg6 30. Nd2 Rbc8 31. Rac3 Qe8 32. a5 Qa4 33. Qc4 b6 34. Qb3 Qb5 35. Qc4 bxa5 36. Qxb5 axb5 37. bxa5 Rb8 38. Rb3 b4 39. Rcb1 Rb5 40. Rxb4 Rxa5 41. Ng4 Ra2 42. Nxf6+ Rxf6 43. R1b2 Rxb2 44. Rxb2 Nb6 45. Rc2 Rf7 46. f3 Kf8 47. Kf2 Ke8 48. Ke3 g5 49. Nf1 Kd7 50. Ke2 Rf8 51. Ne3 h5 52. Kf2 Ra8 53. Nf5 Rg8 54. h4 gxh4 55. Nxh4 Rf8 56. Kg2 Na4 57. Nf5 Nc5 58. Kh3 Nd3 59. Rc3 Nb4 60. Ng7 Rh8 61. Kh4 c6 62. Rb3 c5 63. Ra3 Rc8 64. Ra4 Nd3 65. Ne6 c4 66. Ra7+ Ke8 67. Rc7 Rxc7 68. Nxc7+ Ke7 69. Nb5 Ne1 70. Kxh5 Nxf3 71. Kg4 Nd2 72. Nc3 Kf6 1/2-1/2

[Event "South Wales op 15th"]
[Site "Cardiff"]
[Date "2018.07.12"]
[Round "9"]
[White "Ledger, Dave J"]
[Black "Lavender, James"]
[Result "1-0"]
[WhiteElo "2187"]
[BlackElo "1900"]
[PlyCount "99"]
[EventDate "2018.07.07"]
[EventType "swiss"]
[EventRounds "9"]
[EventCountry "WLS"]
[SourceTitle "EXT 2019"]
[Source "ChessBase"]
[SourceDate "2018.10.10"]
[SourceVersion "1"]
[SourceVersionDate "2018.10.10"]
[SourceQuality "1"]

1. e4 c5 2. Nf3 d6 3. d4 cxd4 4. Nxd4 Nf6 5. Nc3 g6 6. Be3 Bg7 7. f3 0-0 8. Qd2 Nc6 9. 0-0-0 d5 10. exd5 Nxd5 11. Nxc6 bxc6 12. Bd4 Bxd4 13. Qxd4 Qb6 14. Nxd5 cxd5 15. h4 Bb7 16. Qe5 Rae8 17. Bd3 f6 18. Qg3 Qe3+ 19. Kb1 Qh6 20. h5 g5 21. Qc7 Ba8 22. Bb5 Rb8 23. Bd7 f5 24. Qe5 Qf6 25. Rhe1 Rb6 26. Be6+ Kg7 27. Bxd5 Qxe5 28. Rxe5 Kf6 29. Rde1 Bxd5 30. Rxd5 Rb4 31. Rde5 Re8 32. Re6+ Kf7 33. g3 Rb7 34. c3 Rb6 35. R6e5 Kf6 36. Kc2 e6 37. a4 Rc8 38. b3 Rd6 39. R1e2 h6 40. Ra5 Rc7 41. Rd2 Rdc6 42. c4 Ke7 43. f4 g4 44. Kc3 Ke8 45. Re5 Ke7 46. Rd4 a6 47. Re3 Rb7 48. Red3 Rc8 49. Rd6 Rcb8 50. Kc2 1-0

[Event "South Wales op 15th"]
[Site "Cardiff"]
[Date "2018.07.10"]
[Round "6"]
[White "Waddington, Mike P"]
[Black "Ledger, Dave J"]
[Result "1/2-1/2"]
[WhiteElo "2110"]
[BlackElo "2187"]
[PlyCount "68"]
[EventDate "2018.07.07"]
[EventType "swiss"]
[EventRounds "9"]
[EventCountry "WLS"]
[SourceTitle "EXT 2019"]
[Source "ChessBase"]
[SourceDate "2018.10.10"]
[SourceVersion "1"]
[SourceVersionDate "2018.10.10"]
[SourceQuality "1"]

1. Nc3 Nf6 2. e4 e5 3. g3 d5 4. exd5 Nxd5 5. Bg2 Nxc3 6. bxc3 Bc5 7. Nf3 Nc6 8. 0-0 0-0 9. Re1 Bg4 10. h3 Bh5 11. d3 f5 12. Qd2 e4 13. Nh2 f4 14. gxf4 exd3 15. Qxd3 Qxd3 16. cxd3 Bd6 17. Rb1 Rae8 18. Be3 Nd8 19. Bxb7 Nxb7 20. Rxb7 Rxf4 21. Reb1 Rh4 22. Kg2 Re6 23. Rxa7 Be2 24. Rb8+ Kf7 25. Nf3 Rg6+ 26. Ng5+ Ke7 27. f4 h6 28. Kf2 hxg5 29. f5 Rf6 30. Bxg5 Bc5+ 31. Kxe2 Bxa7 32. Rb7 Ra4 33. Bxf6+ Kxf6 34. Rxc7 Rxa2+ 1/2-1/2